Paesi stabiliti dai vichinghi - Statistics

Statistiche generali
  • Questo quiz è stato fatto 127 volte
  • Il punteggio medio è 16 su 20
Statistiche sulle risposte
Data di liquidazione Nazione % Corretto
Before 800 Svezia
98%
Before 800 Norvegia
97%
Before 800 Finlandia (Åland)
94%
Before 800 Danimarca
93%
Before 800 Germania
93%
800-900 Regno Unito
93%
800-900 Russia
93%
900-1000 Francia
91%
1000- Italia
91%
800-900 Islanda
90%
800-900 Irlanda
87%
Before 800 Estonia
82%
800-900 Polonia
82%
800-900 Lettonia
81%
800-900 Lituania
81%
1000- Canada
70%
900-1000 Ucraina
68%
900-1000 Bielorussia
58%
1000- Turchia / Bulgaria
49%
1000- Malta
40%
Nessun quiz corrispondente trovato
Distribuzione punteggi
Percentuale di utenti per punteggio
Percentile per numero di risposta
I tuoi punteggi nel tempo
Non hai fatto questo quiz